ბათუმის შოთა რუსთაველის სახელმწიფო უნივერსიტეტის ბიბლიოთეკა

Nature Atlas of Great Britain. Ireland and the Channel isies (ბიბ.ჩანაწერი № 46678)

000 -LEADER
fixed length control field 00487nam a2200181Ia 4500
001 - CONTROL NUMBER
control field 13519
003 - CONTROL NUMBER IDENTIFIER
control field GE_BSU
008 - FIXED-LENGTH DATA ELEMENTS--GENERAL INFORMATION
fixed length control field 181216s||||||||xx |||||||||||||| ||und||
040 ## - CATALOGING SOURCE
Transcribing agency GE_BSU
080 ## - UNIVERSAL DECIMAL CLASSIFICATION NUMBER
Universal Decimal Classification number 94(100)
245 ## - TITLE STATEMENT
Title Nature Atlas of Great Britain. Ireland and the Channel isies
260 ## - PUBLICATION, DISTRIBUTION, ETC.
Place of publication, distribution, etc. London
260 ## - PUBLICATION, DISTRIBUTION, ETC.
Name of publisher, distributor, etc. Duncan Petersen Publishing LTD
260 ## - PUBLICATION, DISTRIBUTION, ETC.
Date of publication, distribution, etc. 1989
300 ## - PHYSICAL DESCRIPTION
Extent 287p.ill.30cm.
653 ## - INDEX TERM--UNCONTROLLED
Uncontrolled term Nature Atlas of Great Britain. Ireland and the Channel isies
942 ## - ADDED ENTRY ELEMENTS (KOHA)
Koha item type წიგნი
ეგზემპლარები
Withdrawn status Lost status Damaged status Not for loan Date acquired Barcode Date last seen Price effective from Koha item type
        2018-12-17 36981 2018-12-17 2018-12-17 წიგნი